000 00828nam a2200301Ia 4500
003 OSt
005 20220912150805.0
006 a|||||r|||| 00| 0
007 ta
008 220909b |||||||| |||| 00| 0 eng d
020 _a812041571X (pbk)
024 _a10819
037 _bVEM:N R,
037 _cTextual
040 _aCSL
_beng
_cCSL
041 _aeng
082 _aI,12, N3;5-;7
100 _aRazdan M K
245 0 _aIntroduction to plant tissue culture
250 _a2
260 _aNew Delhi
_b Oxford IBH Pub. Co. Pvt. Ltd.
_c2003
300 _axii, 375p.
_ccm.
500 _aBibliographical references 307-341p.
_ccm.; Indexes 343-375p.
_ccm.
650 _a Tissue culture
650 _aBotany
942 _hI,12, N3;5-;7
_cTEXL
_2CC
999 _c55090
_d55090